Radioperiodismo /

Guía para la redacción y conducción de noticias para ser difundidas por radio. Se revisan desde elementos básicos de redacción, hasta los diversos géneros periodísticos del medio radial.

Uloženo v:
Podrobná bibliografie
Hlavní autor: Rodríguez Díaz, Mauro (autor)
Médium: Kniha
Jazyk:španělština
Vydáno: Santiago, Cuba : Oriente, 1981, c1981
Témata:
Tagy: Přidat tag
Žádné tagy, Buďte první, kdo vytvoří štítek k tomuto záznamu!

MARC

LEADER 00000nam^a2200000^a^4500
001 000107081
005 20250521000000.0
009 20260310093559.503
037 |a Acervo ITESO - Biblioteca 
041 |a ESP 
082 |a 302. 2332  |b ROD 
100 |a Rodríguez Díaz, Mauro  |e (autor) 
245 1 0 |a Radioperiodismo /  |c M. Rodríguez Díaz. 
264 4 |a Santiago, Cuba :  |b Oriente,  |c 1981, c1981 
300 |a 92 p. 
336 |a texto  |b txt  |2 rdacontenido 
337 |a sin mediación  |b n  |2 rdamedio 
338 |a volumen  |b nc  |2 rdasoporte 
520 |a Guía para la redacción y conducción de noticias para ser difundidas por radio. Se revisan desde elementos básicos de redacción, hasta los diversos géneros periodísticos del medio radial. 
649 |a XX 
650 |a Noticieros 
650 |a Géneros Radiofónicos 
650 |a Periodismo Radiofónico 
650 |a Producción Radiofónica 
650 |a Lenguaje Radiofónico 
650 |a Radio -  |z Cuba -  |x Historia 
650 |a Medios de Comunicación -  |z Cuba -  |x Historia 
650 |a Comunicación Masiva -  |z Cuba -  |x Historia 
910 |a Fondo General 
920 |a Impresos - Libros 
930 |a Colección General 
905 |a 101 
901 |a 0500043490  |b IT1  |c ACC  |u 20250521 
902 |a https://opac.biblio.iteso.mx/vufind/Record/000107081